Statistics for Countries Closest to the Taj Mahal with a Radial Map

Click here to take the quiz!

General Stats

  • This quiz has been taken 167 times
  • The average score is 15 of 15

Answer Stats

Country % Correct
Nepal
100%
Afghanistan
99%
Bangladesh
99%
Bhutan
99%
China
99%
India
99%
Pakistan
99%
Iran
97%
Myanmar
97%
Turkmenistan
96%
Kazakhstan
95%
Oman
95%
Uzbekistan
95%
Tajikistan
94%
Kyrgyzstan
93%

Score Distribution

Percentile by Number Answered

Percent of People with Each Score

Your Score History

You have not taken this quiz